Examining gender differences in reintegrative shaming theory: the role of shame acknowledgment

Reintegrative shaming theory operates on the assumption that shaming from important others is gendered: women are more likely than men to conform and desist from offending. This study examines the validity of this assumption using measures of parent shame, peer shame, and shame acknowledgment to det...

Ausführliche Beschreibung

Gespeichert in:  
Bibliographische Detailangaben
VerfasserInnen: Fitch, Chivon H. (Verfasst von) ; Nazaretian, Zavin (Verfasst von)
Medienart: Elektronisch Aufsatz
Sprache:Englisch
Veröffentlicht: 2019
In: Crime, law and social change
Jahr: 2019, Band: 72, Heft: 5, Seiten: 527-546
Online-Zugang: Volltext (lizenzpflichtig)
Verfügbarkeit prüfen: HBZ Gateway

MARC

LEADER 00000caa a22000002c 4500
001 1830584774
003 DE-627
005 20250915204721.0
007 cr uuu---uuuuu
008 230109s2019 xx |||||o 00| ||eng c
024 7 |a 10.1007/s10611-019-09835-8  |2 doi 
035 |a (DE-627)1830584774 
035 |a (DE-599)KXP1830584774 
040 |a DE-627  |b ger  |c DE-627  |e rda 
041 |a eng 
084 |a 2,1  |2 ssgn 
100 1 |a Fitch, Chivon H.  |e VerfasserIn  |0 (orcid)0000-0003-0236-3414  |4 aut 
245 1 0 |a Examining gender differences in reintegrative shaming theory: the role of shame acknowledgment  |c Chivon H. Fitch, Zavin Nazaretian 
264 1 |c 2019 
336 |a Text  |b txt  |2 rdacontent 
337 |a Computermedien  |b c  |2 rdamedia 
338 |a Online-Ressource  |b cr  |2 rdacarrier 
500 |a Literaturverzeichnis: Seite 543-546 
520 |a Reintegrative shaming theory operates on the assumption that shaming from important others is gendered: women are more likely than men to conform and desist from offending. This study examines the validity of this assumption using measures of parent shame, peer shame, and shame acknowledgment to determine the impact of shame on offending and conformity. Using waves six and seven of the National Youth Survey Family Study data, zero-inflated negative binomial modeling is employed to examine the impact of reintegrative shaming on female and male offending and non-offending behavior among a probability sample of adults (N = 1227). Parent shaming is not a significant predictor of offending, but peer shaming is influential. The relationship between gender and conformity was mediated by shame acknowledgement. Although the reintegrative shaming process is not as influential as the theory had predicted, the importance of shame for explaining prevalence in women is demonstrated. 
700 1 |a Nazaretian, Zavin  |e VerfasserIn  |4 aut 
773 0 8 |i Enthalten in  |t Crime, law and social change  |d Getzville, NY : HeinOnline, 1991  |g 72(2019), 5, Seite 527-546  |h Online-Ressource  |w (DE-627)320525325  |w (DE-600)2015096-9  |w (DE-576)252295854  |x 1573-0751  |7 nnas 
773 1 8 |g volume:72  |g year:2019  |g number:5  |g pages:527-546 
787 0 8 |i Forschungsdaten  |a Elliott, Delbert S.  |t National Youth Survey (United States): Wave VII, 1987  |d [Erscheinungsort nicht ermittelbar] : [Verlag nicht ermittelbar], 1996  |w (DE-627)1840054948 
787 0 8 |i Forschungsdaten  |a Elliott, Delbert S.  |t National Youth Survey (United States): Wave VI, 1983  |d [Erscheinungsort nicht ermittelbar] : [Verlag nicht ermittelbar], 1993  |w (DE-627)184005591X 
856 4 0 |u https://doi.org/10.1007/s10611-019-09835-8  |x Resolving-System  |z lizenzpflichtig  |3 Volltext  |7 1 
889 |w (DE-627)1912546450 
935 |a mkri 
951 |a AR 
ELC |a 1 
LOK |0 000 xxxxxcx a22 zn 4500 
LOK |0 001 4245240873 
LOK |0 003 DE-627 
LOK |0 004 1830584774 
LOK |0 005 20251125134735 
LOK |0 008 230109||||||||||||||||ger||||||| 
LOK |0 040   |a DE-21-110  |c DE-627  |d DE-21-110 
LOK |0 092   |o n 
LOK |0 852   |a DE-21-110 
LOK |0 852 1  |9 00 
LOK |0 935   |a krzo 
LOK |0 939   |a 09-01-23  |b l01 
LOK |0 000 xxxxxcx a22 zn 4500 
LOK |0 001 463751195X 
LOK |0 003 DE-627 
LOK |0 004 1830584774 
LOK |0 005 20250915204721 
LOK |0 008 241217||||||||||||||||ger||||||| 
LOK |0 035   |a (DE-2619)ICPSR156398 
LOK |0 040   |a DE-2619  |c DE-627  |d DE-2619 
LOK |0 092   |o n 
LOK |0 852   |a DE-2619 
LOK |0 852 1  |9 00 
LOK |0 935   |a nacp 
LOK |0 939   |a 17-12-24  |b l01 
ORI |a SA-MARC-krimdoka001.raw